Đánh giá nhận thức của cộng đồng về vấn đề tài nguyên và môi trường tại khu dự trữ sinh quyển Đồng Nai
保存先:
| 第一著者: | |
|---|---|
| フォーマット: | 図書 |
| 言語: | Undetermined |
| 主題: | |
| オンライン・アクセス: | http://lrc.tdmu.edu.vn/opac/search/detail.asp?aID=2&ID=35249 |
| タグ: |
タグ追加
タグなし, このレコードへの初めてのタグを付けませんか!
|
| Thư viện lưu trữ: | Trung tâm Học liệu Trường Đại học Thủ Dầu Một |
|---|
| LEADER | 00724nam a2200145Ia 4500 | ||
|---|---|---|---|
| 001 | TDMU_35249 | ||
| 008 | 210410s9999 xx 000 0 und d | ||
| 082 | |a 915.9775 | ||
| 100 | |a Nguyễn, Minh Kỳ | ||
| 245 | 0 | |a Đánh giá nhận thức của cộng đồng về vấn đề tài nguyên và môi trường tại khu dự trữ sinh quyển Đồng Nai | |
| 245 | 0 | |c Nguyễn Minh Kỳ | |
| 300 | |a Tr.19-24 | ||
| 650 | |a Môi trường; Cộng đồng; Tài nguyên; Khu dự trữ sinh quyển; Đồng Nai; Nhận thức | ||
| 856 | |u http://lrc.tdmu.edu.vn/opac/search/detail.asp?aID=2&ID=35249 | ||
| 980 | |a Trung tâm Học liệu Trường Đại học Thủ Dầu Một | ||